• 首页
  • 本馆介绍
  • 公告通知
  • 最新文献
  • 馆藏检索
  • 电子资源
  • 读者导购
  • 参考咨询
  • 我的图书馆
  • 登录
  • 详细信息显示
  • 放入我的书架
  • 预约/预借图书
  • 作者相关作品
  • 分类相关作品
  • 丛书相关作品
  • 出版社相关作品

书目信息

  • 表格格式
  • 工作单格式
  • 卡片格式
题名:
三笔字
    
 
作者: 江毅馨 , 李尚俊 , 韦正应 主编
分册:  
出版信息: 长沙   湖南师范大学出版社  2020.7
页数: 178页
开本: 26cm
丛书名:
单 册:
中图分类: J292.11 , J292.12
科图分类:
主题词: 毛笔字--书法 , 钢笔字--书法 , 粉笔--书法
电子资源:
ISBN: 978-7-5648-3130-1
000 00983nam0 2200313 45
001 012001000783
005 20130909152247.0
010    @a978-7-5648-3130-1@dCNY39.80
099    @aCAL 012019107804
100    @a20190716d2018 em y0chiy0110 ea
101 0  @achi
102    @aCN@b430000
105    @aa a 000yy
106    @ar
200 1  @a三笔字@Asan bi zi@f主编江毅馨, 李尚俊, 韦正应
210    @a长沙@c湖南师范大学出版社@d2020.7
215    @a178页@c图@d26cm
320    @a有书目 (第178页)
330    @a本书分为毛笔字、钢笔字和粉笔字三部分, 分别从书法审美、笔画造型、笔画关系、间架结构、汉字造型和篇章布局等方面介绍书法的核心能力训练。
606 0  @a毛笔字@x书法
606 0  @a钢笔字@x书法
606 0  @a粉笔@x书法
690    @aJ292.11@v5
690    @aJ292.12@v5
701  0 @a江毅馨@Ajiang yi xin@4主编
701  0 @a李尚俊@Ali shang jun@4主编
701  0 @a韦正应@Awei zheng ying@4主编
801    @aCN@b江苏凤凰@c20211018
905    @b1341018-21@dJ292.11@e680@f4
    
    三笔字/主编江毅馨, 李尚俊, 韦正应.-长沙:湖南师范大学出版社,2020.7
    178页:图;26cm
    
    
    ISBN 978-7-5648-3130-1:CNY39.80
    本书分为毛笔字、钢笔字和粉笔字三部分, 分别从书法审美、笔画造型、笔画关系、间架结构、汉字造型和篇章布局等方面介绍书法的核心能力训练。
●
相关链接 在E读中查询图书 在五车中查询图书 在当当中查询图书 在豆瓣中查询图书


正题名:三笔字     索取号:J292.11/680         预约/预借

序号 登录号 条形码 馆藏地/架位号 状态 备注
1 1341018   213410183   第一样本阅览室/ [索取号:J292.11/680] 在馆    
2 1341019   213410192   第一借阅区/ [索取号:J292.11/680] 在馆    
3 1341020   213410209   第一借阅区/ [索取号:J292.11/680] 在馆    
4 1341021   213410218   第一借阅区/ [索取号:J292.11/680] 在馆    
唐山师范学院图书馆 欢迎您!
大连网信软件有限公司© 版权所有